000 00457nam a2200181Ia 4500
001 11392
005 20260306162824.0
008 260306t2012||||xx |||||||||||||| ||spa||
041 _aESP
082 _a985.04
_bM52
100 _aMc Evoy, Carmen
_eAUT
245 0 _aEn el nudo del imperio:
_bindependencia y democracia en el Perú
260 _c2012
300 _a499 páginas :
_c23 cm.
650 _aGEN
654 _aCHU
942 _cLIB
_dJUS
_fJUS
_2ddc
_n
999 _c11392
_d11392